00338nam a2200145Ia 4500008004100000020001800041041000800059082001500067100001600082245002100098260001800119300000800137365001600145700003100161230718s9999 xx 000 0 und d a9789332536098 aeng a005.8bMCM aMcMillan T. aCISSP Cert Guide c2014bPearson a604 cRs.b799.00 aMcMillan T. & Abernathy R.